XXXII Aniversario de la victoria
Publicado:
San Jorge, núm. 82 (2n trimestre 1971), pàg 53 - 54 :
MARC
| LEADER | 00000nam a2200000Ia 4500 | ||
|---|---|---|---|
| 001 | |||
| 008 | 160829s9999 xx 000 0 cat d | ||
| 245 | |a XXXII Aniversario de la victoria | ||
| 260 | |a San Jorge, núm. 82 (2n trimestre 1971), pàg 53 - 54 | ||
| 651 | 0 | |a Espanya |x Història |y 1936-1939, Guerra Civil |x Aniversaris, etc. |9 55760 | |
| 901 | |a Arxiu | ||
| 942 | |n 1 | ||
| 952 | |0 0 |1 0 |4 0 |7 1 |9 53077 |a Arxiu |b Arxiu |d 2016-12-01 |l 0 |r 2016-12-01 00:00:00 |w 2016-12-01 |y ARXIU | ||
| 999 | |c 56926 |d 56926 | ||